000
00249nam a2200109Ia 4500
005
20251222141819.0
008
251222s9999||||xx |||||||||||||| ||spa||
082
_a
869.566/A52/1994
245
0
_a
Anuario Mariateguiano
264
_b
Amauta
942
_c
LIB
999
_c
6748
_d
6748